000 00658nam a2200277Ia 4500
005 20260324123219.0
008 008 260324s9999 xx 000 0 eng d
020 _a9781003550174
037 _aEBOOK
040 _aCRL
040 _beng
040 _cCRL
041 _2eng
041 _aeng
084 _qCRL
100 _aKatharine Anderson
_91169466
245 4 _aThe Narrative of the Beagle Voyage, 1831-1836 Vol 3
260 _bTaylor and Francis
260 _c2012
365 _a
365 _b160
856 _uhttp://www.taylorfrancis.com/books/9781003550174
942 _cEBOOK
999 _c1762780
_d1762780